000 00802nam a22002297a 4500
001 14222
003 BD-RjUL
005 20211208235606.0
008 140205r19961995ii a|||| b||| 001 0 eng d
035 _a(BD-RjUL)14274
_a(OCoLC)48497473
040 _aBD-RjUL
_beng
_cBD-RjUL
041 _aeng
082 0 4 _2 21
_a650.01513
_bMOM 1996
100 1 _aMonga, G S
_944422
245 1 _aMathematics for management and economics /
_cG. S. Monga
260 _aNew Delhi :
_bVikas Pub. House,
_c©1995 [Reprinted 1996].
300 _axiv, 757 p. :
_bill. ;
_c24 cm.
504 _aInclude bibliography and index.
650 _aBusiness mathematics.
_944423
856 _3WorldCat
_uhttp://www.worldcat.org/title/mathematics-for-management-and-economics/oclc/48497473&referer=brief_results
942 _2ddc
_cBK
999 _c14222
_d14222